Normale Ansicht MARC-Ansicht ISBD

The Canary Islands after the conquest (Titelsatznr. 65405)

[ MARC ]
MARC-Details
000 -Satzkennung
Kontrollfeld mit fester Länge 01281nad a2200349 a 4500
001 - Kontrollnummer
Kontrollfeld MIU01000000000000005426132
003 - Kontrollnummer Identifier
Kontrollfeld MiU
005 - Datum und Zeit der letzten Transaktion
Kontrollfeld 20231010141113.0
007 - Feld mit fester Länge zur physischen Beschreibung - Allgemeine Information
Kontrollfeld mit fester Länge cr mnummmmuuuu
008 - Feld mit fester Länge zur physischen Beschreibung - Allgemeine Angaben
Kontrollfeld mit fester Länge 880715s1982 enkb sb 001 0 eng d
020 ## - Internationale Standardbuchnummer
Gelöschte/ungültige ISBN 0198218885 :
024 7# - Anderer Standardidentifier
Standardnummer oder Code 2027/heb03128
Quelle der Nummer oder des Codes hdl
040 ## - Katalogisierungsquelle
Original-Katalogisierungsstelle MiU
Übertragungsstelle MiU
090 ## - LOCALLY ASSIGNED LC-TYPE CALL NUMBER (OCLC); LOCAL CALL NUMBER (RLIN)
Notation (OCLC) (R) ; Notation, CALL (RLIN) (NR) DP302.C42
Local cutter number (OCLC) ; Book number/undivided call number, CALL (RLIN) (INTERNET)
041 ## - Sprachcode
Sprachcode des Textes/der Tonspur oder des separaten Titels eng
100 1# - Haupteintragung - Personenname
Personenname Fernández-Armesto, Felipe.
Koha-Normdatenidentnummer 8242
245 14 - Titel
Titel The Canary Islands after the conquest
Medium [electronic resource] :
Zusatz zum Titel the making of a colonial society in the early sixteenth century /
Verfasserangabe etc. Felipe Fernández-Armesto.
264 ## - Produktion, Veröffentlichung, Distribution, Herstellung und Urheberrechtsvermerk
Herstellungs-, Veröffentlichungs- Vertriebs-, Erzeugungsort Oxford :
Produzent, Herausgeber, Distributor, Hersteller Clarendon Press ;
Datum der Herstellung, der Veröffentlichung, des Vertriebs oder des Urheberschutzvermerks c1982.
300 ## - Physische Beschreibung
Umfang ix, 244 p. :
Andere physische Details maps ;
Maße 22 cm.
336 ## - Inhaltstyp
Quelle rdacontent
Inhaltstypcode txt
Inhaltstypterm Text
337 ## - Medientyp
Quelle rdamedia
Medientypcode bc
Bezeichnung des Medientyps Computermedien
338 ## - Datenträgertyp
Quelle rdacarrier
Datenträgertypcode cr
Datenträgertypbezeichnung Online Ressource
490 ## - Gesamttitelangabe
Gesamttitelangabe Oxford historical monographs
500 ## - Allgemeine Fußnote
Allgemeine Fußnote Includes index.
504 ## - Fußnote zu Literaturverzeichnissen usw.
Fußnote zu Bibliographien usw. Includes bibliographical references.
500 ## - Allgemeine Fußnote
Allgemeine Fußnote E-Book-ACLS / Zugriff nur im DHI-Lesesaal
500 ## - Allgemeine Fußnote
Allgemeine Fußnote American Council of Learned Societies/ https://www.humanitiesebook.org/about/
651 #0 - Nebeneintragung unter einem Schlagwort - Geografischer Name
Geografischer Name Canary Islands
Allgemeine Unterteilung History.
Koha-Normdatenidentnummer 37384
830 #0 - Nebeneintragung unter dem Gesamttitel - Einheitstitel
Einheitstitel ACLS Humanities E-Book.
Koha-Normdatenidentnummer 37385
856 40 - Elektronische Adresse und Zugriff
OPAC-Notiz Volltext
URL <a href="https://hdl.handle.net/2027/heb03128">https://hdl.handle.net/2027/heb03128</a>
942 ## - Zusätzliche Felder (Koha)
Koha-Medientyp E-Books
Exemplare
Ausgeschieden Verloren Beschädigt Nicht entleihbar Heimatbibliothek Aufenthaltsbibliothek Aufstellungsort Erwerbungsdatum Inventarnummer Signatur Barcode Letzte Aktivität Preis gültig von Koha-Medientyp
        MWN Osteuropa MWN Osteuropa Online-Ressource 10/10/2023 23-e0ACLS E-23-e0ACLS 68240 10/10/2023 10/10/2023 E-Books